000 00464nam a2200181Ia 4500
008 090122s9999 xx 000 0 und d
082 _b66
_a801.954
100 _aअदवंत
_b
_cना
245 _aपैंजण
260 _bसाहित्य प्रसार
_c1982
300 _a123
501 _a--
600 _aअदवंत
630 _aपैंजण
700 _aअदवंत
730 _aपैंजण
942 _cBOOK
999 _c24144
_d24144